Geography Quiz

Random Geography or Asia Quiz

Pick the Capital: Asia Quiz Stats

Quiz Updated May 7, 2017

Challenge
Share
Tweet
Embed
Score 0/49 Timer 03:00
6 Plays Today
Question Answer Wrong Answers
What is the capital of Thailand? Bangkok
91.1%
Nonthaburi
0.2%
Hat Yai
0.3%
Kohn Kaen
0.2%
What is the capital of Japan? Tokyo
91.1%
Osaka
0.5%
Yokohama
0.1%
Hiroshima
0.1%
What is the capital of South Korea? Seoul
90.9%
Busan
0.2%
Daegu
0.2%
Incheon
0.2%
What is the capital of Malaysia? Kuala Lumpur
89.9%
Johor Bahru
0.5%
Ipoh
0.5%
Petaling Jaya
0.5%
What is the capital of Singapore? Singapore
89.9%
Tampines
0.5%
Bedok
0.9%
Jurong West
0.3%
What is the capital of Russia? Moscow
89.9%
St. Petersburg
1.6%
Nizhny Novogorod
0.1%
Volgograd
0.1%
What is the capital of Iraq? Baghdad
89.7%
Basra
0.5%
Mosul
1.4%
Kirkuk
0.3%
What is the capital of China? Beijing
89.7%
Shanghai
1.8%
Guangzhou
0.2%
Tianjin
0.1%
What is the capital of Indonesia? Jakarta
89.6%
Surabaya
0.6%
Bandung
0.7%
Bekasi
0.5%
What is the capital of Iran? Tehran
89.4%
Isfahan
0.7%
Mashhad
0.8%
Shiraz
0.7%
What is the capital of Taiwan? Taipei
89.3%
Taichung
0.7%
Tainan
1%
Kaohsiung
0.4%
What is the capital of Philippines? Manila
89.1%
Quezon City
1.1%
Caloocan
0.5%
Cebu City
0.6%
What is the capital of Kuwait? Kuwait City
88.7%
Al Ahmadi
1.6%
Hawalli
0.5%
As Salimiyah
0.5%
What is the capital of Afghanistan? Kabul
87.1%
Kandahar
2.2%
Jalalabad
1.9%
Kunduz
0.3%
What is the capital of Nepal? Kathmandu
86.9%
Pokhara
1.5%
Birganj
0.8%
Lalitpur
2%
What is the capital of North Korea? Pyongyang
86.5%
Hamhung
0.3%
Pyongsong
4.1%
Chongjin
0.7%
What is the capital of Jordan? Amman
85.4%
Zarqa
2.1%
Irbid
2.1%
Russeifa
1.2%
What is the capital of Cambodia? Phnom Penh
84.8%
Siem Reap
2.8%
Battambang
2.3%
Prey Veng
1.2%
What is the capital of Bangladesh? Dhaka
84.3%
Chittagong
4%
Khulna
1.2%
Tongi
1.4%
What is the capital of Qatar? Doha
83.1%
Al Rayyan
3.2%
Al Wakrah
1.3%
Dukhan
3.5%
What is the capital of Lebanon? Beirut
83%
Tripoli
6.9%
Sidon
1.1%
Jounieh
0.6%
What is the capital of Syria? Damascus
82.2%
Aleppo
8%
Homs
0.4%
Latakia
0.8%
What is the capital of Oman? Muscat
82.1%
Salalah
3.5%
Bawshar
3.4%
Seeb
1.8%
What is the capital of Azerbaijan? Baku
81.5%
Ganja
3.1%
Sumqayit
3.8%
Mingachevir
2.2%
What is the capital of Mongolia? Ulaanbaatar
81.3%
Darkhan
6.4%
Choibalsan
1.4%
Erdenet
1.7%
What is the capital of Georgia? Tbilisi
81.1%
Kutaisi
2.2%
Batumi
3.4%
Rustavi
3.9%
What is the capital of Saudi Arabia? Riyadh
80%
Jeddah
3.4%
Mecca
5.8%
Medina
2.5%
What is the capital of Turkey? Ankara
79.2%
Istanbul
12.1%
Izmir
0.3%
Gaziantep
0.1%
What is the capital of Pakistan? Islamabad
78.5%
Lahore
4.3%
Karachi
7.3%
Peshawar
1.6%
What is the capital of Armenia? Yerevan
78%
Gyumri
2.8%
Abovyan
4.4%
Vanadzor
4.5%
What is the capital of Kyrgyzstan? Bishkek
77.4%
Osh
3.9%
Tokmok
3.9%
Karakol
4.9%
What is the capital of India? New Delhi
75.2%
Mumbai
5.7%
Kolkata
0.5%
Delhi
10.3%
What is the capital of Uzbekistan? Tashkent
73.7%
Namangan
2.3%
Bukhara
10.5%
Andjian
3.6%
What is the capital of Maldives? Malé
73.2%
Hithadhoo
3.1%
Fuvahmulah
4.1%
Naifaru
9.3%
What is the capital of United Arab Emirates? Abu Dhabi
72.7%
Dubai
18.1%
Fujairah
0.3%
Sharjah
0.5%
What is the capital of Tajikistan? Dushanbe
72.6%
Khujand
8.2%
Qurghonteppa
3.8%
Kulob
4.5%
What is the capital of Israel? Jerusalem
70.6%
Tel Aviv
20.5%
Haifa
0.4%
Ashdod
0.2%
What is the capital of Timor-Leste? Dili
69.8%
Baucau
8.4%
Suai
5.7%
Lospalos
5.4%
What is the capital of Turkmenistan? Ashgabat
69.6%
Turkmenabat
15.7%
Mary
0.9%
Dashoguz
3.6%
What is the capital of Vietnam? Hanoi
69%
Ho Chi Minh City
21.2%
Hai Phong
1.1%
Can Tho
0.2%
What is the capital of Brunei? Bandar Seri Begawan
68.5%
Kuala Belait
9.1%
Seria
4%
Tutong
7.3%
What is the capital of Kazakhstan? Astana
67.9%
Almaty
10.9%
Shymkent
4.8%
Taraz
6.7%
What is the capital of Laos? Vientiane
67.9%
Pakse
5.3%
Savannakhet
9.7%
Phonsavan
6.9%
What is the capital of Sri Lanka? Sri Jayawardenapura Kotte
67.1%
Anuradhapura
12.9%
Negombo
6.8%
Dehiwala-Mount Lavinia
3.2%
What is the capital of Bhutan? Thimphu
66.2%
Punakha
13.6%
Phuntsholing
4.1%
Paro
4.9%
What is the capital of Yemen? Sana'a
64.6%
Taizz
1.6%
Aden
12.4%
Dhamar
11.5%
What is the capital of Bahrain? Manama
62%
Riffa
10.5%
Muharraq
10.1%
A'ali
6.6%
What is the capital of Palestine? Ramallah
55.8%
Gaza City
27.6%
Hebron
5.6%
Jabalia
1.6%
What is the capital of Myanmar? Naypyidaw
51.3%
Yangon
19.9%
Mandalay
14%
Mawlamyine
4.5%

You're not logged in!

Compare scores with friends on all Sporcle quizzes.
Sign Up with Email
OR
Log In

You Might Also Like...

Show Comments

Extras

Top Quizzes Today


Score Distribution

Your Account Isn't Verified!

In order to create a playlist on Sporcle, you need to verify the email address you used during registration. Go to your Sporcle Settings to finish the process.